000 00506nam a2200181Ia 4500
005 20250326124449.0
008 250326s9999 xx 000 0 und d
037 _aTextbook
040 _aFMSL
_beng
_cFMSL
041 _aeng
_2eng
084 _aX:8 K6;9
_qFMSL
100 _aYuill B
_9737441
245 0 _aOutline of organisational principles for management
_cYuill B
260 _aAustralia
_bAustralia, West
_c1966
300 _a242p
942 _cTB
_hX:8 K6;9
999 _c1273800
_d1273800